| 000 -ლიდერი |
| ფიქსირებული სიგრძის საკონტროლო ველი |
01974nam a22002417a 4500 |
| 003 - საკონტროლო ნომრის იდენტიფიკატორი |
| საკონტროლო ველი |
Ge_BSU |
| 005 - ბოლო ოპერაციის თარიღი და დრო |
| საკონტროლო ველი |
20240325111038.0 |
| 008 - ფიქსირებული სიგრძის მონაცემთა ელემენტები - ზოგადი ინფორმაცია |
| ფიქსირებული სიგრძის საკონტროლო ველი |
220211s2021 ge ||||| |||| 00| 0 geo d |
| 020 ## - წიგნის საერთაშორისო სტანდარტული ნომერი |
| International Standard Book Number |
24492507 |
| 041 ## - ენის კოდი |
| Language code of text/sound track or separate title |
geo |
| 080 ## - უნივერსალური ათობითი კლასიფიკაციის ინდექსი |
| Universal Decimal Classification number |
378(063) ს-32 |
| 245 ## - ცნობა სათაურის შესახებ |
| Title |
საქართველოს მეცნიერებათა ეროვნული აკადემიის აჭარის ავტონომიური რესპუბლიკის რეგიონული სამეცნიერო ცენტრის : |
| Remainder of title |
შრომები: ტ. 7: Transactions / |
| Statement of responsibility, etc |
რედ. ვანო პაპუნიძე; მიხეილ დონაძე, მარინე აროშიძე და სხვ.;საქართველოს მეცნიერებათა ეროვნული აკადემია აჭარის ავტონომიური რესპუბლიკის რეგიონული სამეცნიერო ცენტრი. |
| 264 ## - წარმოების, გამოცემის, დისტრიბუციის და სხვა ცნობები |
| გამოცემის, წარმოების, დისტრიბუციის... ადგილი |
ბათუმი, |
| გამოცემის, წარმოების, დისტრიბუციის... თარიღი |
2021. |
| 300 ## - ფიზიკური აღწერა |
| Extent |
199 გვ.; |
| Other physical details |
30 სმ. |
| 504 ## - BIBLIOGRAPHY, ETC. NOTE |
| Bibliography, etc |
ბიბლიოგრ. თავების ბოლოს |
| 653 ## - INDEX TERM--UNCONTROLLED |
| Uncontrolled term |
შრომები |
| 700 ## - ADDED ENTRY--PERSONAL NAME |
| Personal name |
პაპუნიძე, ვანო |
| Relator term |
რედაქტორი |
| 9 (RLIN) |
1737 |
| 700 ## - ADDED ENTRY--PERSONAL NAME |
| Personal name |
დონაძე, მიხეილ |
| Relator term |
რედაქტორი |
| 9 (RLIN) |
13518 |
| 700 ## - ADDED ENTRY--PERSONAL NAME |
| Personal name |
აროშიძე, მარინე და სხვ |
| Relator term |
რედაქტორი |
| 9 (RLIN) |
13519 |
| 710 ## - ADDED ENTRY--CORPORATE NAME |
| Corporate name or jurisdiction name as entry element |
საქართველოს მეცნიერბათა ეროვნული აკადემია |
| Subordinate unit |
აჭარის ავტონომიური რესპუბლიკის რეგიონული სამეცნიერო ცენტრი. |
| 9 (RLIN) |
13520 |
| 856 ## - ELECTRONIC LOCATION AND ACCESS |
| Uniform Resource Identifier |
http://science.org.ge/wp-content/uploads/2022/01/ajara-works-VII.pdf |
| Link text |
ელ. ვერსია. pdf |
| 942 ## - ADDED ENTRY ELEMENTS (KOHA) |
| Source of classification or shelving scheme |
|
| Koha item type |
წიგნი |